Carregant...

Basic Principles and calculations in Chemical Engineering

Dades bibliogràfiques
Autor principal: Himmelblau, David M
Format: Printed Book
Idioma:English
Publicat: New Delhi Prentice-Hall of India 1995
Edició:5th ed.
Matèries:
LEADER 00763nam a2200253 a 4500
001 adlib96000001
003 ViArRB
005 20151026131042.0
008 960221s1955 dcuabcdjdbkoqu001 0deng d
020 |a 81 203 0639 2 
022
040 |a Adlib 
082 |a 66.0 
245 |a Basic Principles and calculations in Chemical Engineering 
250 |a 5th ed. 
260 |a New Delhi  |b Prentice-Hall of India  |c 1995 
300 |a xv, 735p 
500 |a  Steam Tables Attached at the End of the Book. 
100 |a Himmelblau, David M 
700
942 |c BK  |6 _ 
653 |a CHEMICAL ENGINEERING-PRINCIPLES 
999 |c 19330  |d 19330 
952 |0 0  |1 0  |4 0  |6 660_HIM  |7 0  |9 30879  |a UL  |b UL  |d 2010-06-16  |l 8  |m 1  |o 66.0 HIM  |p 00041891  |r 2015-02-23  |s 2015-02-05  |w 2010-06-16  |y BK